Borders of India - Languages ​​Update - Statistics

General Stats
  • This quiz has been taken 21 times
  • The average score is 6 of 6
Answer Stats
Km Countries % Correct
1 690 Nepal
100%
4 053 Bangladesh
94%
605 Bhutan
94%
3 380 China
94%
2 912 Pakistan
94%
1 463 Myanmar
78%
No matching quizzes found
Score Distribution
Percent of People with Each Score
Percentile by Number Answered
Your Score History
You have not taken this quiz